| 000 | 00606nam a22001457a 4500 | ||
|---|---|---|---|
| 005 | 2012042007087.0 | ||
| 020 |
_a8170365651 _c00.00 |
||
| 035 | _aA-899847 | ||
| 037 |
_aDPL _bENG |
||
| 245 |
_aScientific communities in the Developing world / _cedited by Jacques Gaillard, V.V. Krishna and Roland Waast |
||
| 260 |
_aNew Delhi _bSage Publications _c1997 |
||
| 300 |
_a398p. _c22 cms. |
||
| 942 |
_2ddc _cEN _h306.45091724 _mGAI |
||
| 999 |
_c65350 _d65350 |
||